Top 5 All-Time Goal Scorers by Nation (Active Players) - Statistics

General Stats
  • This quiz has been taken 15 times
  • The average score is 7 of 35
Answer Stats
Goals Answer % Correct
33 Heung-min Son
92%
38 Keisuke Honda
67%
31 Shinji Kagawa
67%
52 Shinji Okazaki
67%
26 Mehdi Taremi
58%
27 Chu-young Park
50%
16 Ui-jo Hwang
42%
18 Keun-ho Lee
33%
13 Mathew Leckie
33%
33 Almoez Ali
25%
11 Ashkan Dejagah
25%
15 Salem Al-Dawsari
25%
13 Alireza Jahanbakhsh
17%
42 Kazuyoshi Miura
17%
8 Adam Taggart
8%
20 Akram Afif
8%
8 Jamie Maclaren
8%
29 Karim Ansarifard
8%
40 Sardar Azmoun
8%
9 Tom Rogic
8%
35 Ahmed Khalil
0%
63 Ali Mabkhout
0%
12 Boualem Khoukhi
0%
7 Caio Canedo
0%
13 Fahad Al-Muwallad
0%
24 Hasan Al-Haydos
0%
15 Ismaeil Matar
0%
11 Ismail Al Hammadi
0%
19 Ja-cheol Koo
0%
20 Mohammed Al-Sahlawi
0%
9 Naif Hazazi
0%
20 Sebastian Soria
0%
14 Taiseer Al-Jassam
0%
8 Tomi Juric
0%
25 Yuya Osako
0%
No matching quizzes found
Score Distribution
Percent of People with Each Score
Percentile by Number Answered
Your Score History
You have not taken this quiz